[Event "Lichtenberger Sommer 2024"]
[Site "Berlin"]
[Date "2024.08.14"]
[Round "5.50"]
[White "Sauer, Jakob"]
[Black "Sakalli, Selcuk Orkun"]
[Result "1-0"]
[WhiteElo "1644"]
[BlackElo "1897"]
[PlyCount "129"]
[EventDate "2024.08.10"]
[WhiteTeam "TSG Oberschöneweide e.V."]
[BlackTeam "SC Zugzwang 95 e.V."]

1. e4 e5 2. Nf3 Nc6 3. Bc4 Nf6 4. d3 h6 5. Be3 d6 6. h3 Be6 7. Bxe6 fxe6 8. Nc3
Be7 9. Nh2 O-O 10. Ng4 Qe8 11. Nxf6+ Rxf6 12. Ne2 d5 13. exd5 exd5 14. c3 e4
15. dxe4 dxe4 16. Qb3+ Qf7 17. Qxf7+ Kxf7 18. Ng3 Re6 19. O-O-O Kg6 20. Rhe1 h5
21. Rd5 h4 22. Nf5 Bf6 23. Nd4 Rd6 24. Rxd6 cxd6 25. Nb5 Ne5 26. Kc2 Nd3 27.
Rd1 Be5 28. f4 Nxf4 29. Bxf4 Bxf4 30. Nxd6 e3 31. Nc4 b5 32. Na3 a6 33. Kd3 Kf5
34. Ke2 Re8 35. Nc2 Bg5 36. Rd3 Kf4 37. Rd4+ Kf5 38. Rg4 Re7 39. Nd4+ Kf6 40.
Nf3 Bh6 41. Nxh4 Rd7 42. Nf3 a5 43. Rd4 Rc7 44. Nh2 Kf5 45. Ng4 Bf4 46. Nxe3+
Kg5 47. Nd5 Rf7 48. Rxf4 Rxf4 49. Nxf4 Kxf4 50. b3 Ke4 51. g3 g6 52. h4 b4 53.
c4 Kf5 54. Kf3 Ke5 55. Kg4 Kd4 56. Kg5 a4 57. Kxg6 axb3 58. axb3 Kc3 59. c5
Kxb3 60. c6 Ka2 61. c7 b3 62. c8=Q b2 63. Qa6+ Kb1 64. Qb5 Kc2 65. Qxb2+ 1-0

[Event "Lichtenberger Sommer 2024"]
[Site "Berlin"]
[Date "2024.08.14"]
[Round "5.51"]
[White "Aisch, Julian"]
[Black "Krüger, Ekkehard"]
[Result "0-1"]
[WhiteElo "1622"]
[BlackElo "1894"]
[PlyCount "92"]
[EventDate "2024.08.10"]
[WhiteTeam "SF Nordost Berlin"]
[BlackTeam "SG NARVA Berlin e.V."]

1. d4 f5 2. Nf3 Nf6 3. g3 g6 4. Bg2 Bg7 5. O-O O-O 6. Bf4 d6 7. c3 e6 8. Qb3
Qe7 9. Nbd2 Kh8 10. Rfe1 d5 11. Ne5 Nh5 12. Nd3 Nxf4 13. Nxf4 Nd7 14. Nf3 c6
15. Nd3 Re8 16. Rad1 Nf6 17. Nde5 Ne4 18. c4 g5 19. cxd5 exd5 20. h3 Be6 21.
Qe3 Qf6 22. Nd2 f4 23. Qf3 Nxd2 24. Rxd2 Rf8 25. Rf1 Qe7 26. Ng4 Bf5 27. e3 Be4
28. Qe2 f3 29. Bxf3 Bxf3 30. Qd3 Qe6 31. Nh2 Be4 32. Qe2 Qxh3 33. f3 Bg6 34. g4
Qg3+ 35. Kh1 Qd6 36. Qg2 Rf7 37. Qh3 Raf8 38. Rdf2 c5 39. Rd1 cxd4 40. exd4 Re8
41. Nf1 Rfe7 42. Rc1 Bxd4 43. Rd2 Bb6 44. Rcd1 d4 45. Ng3 Re1+ 46. Rxe1 Rxe1+
0-1

[Event "Lichtenberger Sommer 2024"]
[Site "Berlin"]
[Date "2024.08.14"]
[Round "5.52"]
[White "Romanotto, Leonardo"]
[Black "Matiashvili, Alexander Michael"]
[Result "0-1"]
[WhiteElo "1499"]
[BlackElo "1892"]
[PlyCount "100"]
[EventDate "2024.08.10"]
[WhiteTeam "SV Mattnetz Berlin e.V."]
[BlackTeam "SV Königsjäger Süd-West e.V."]

1. e4 e5 2. Nf3 Nc6 3. Bb5 Nf6 4. O-O a6 5. Ba4 b5 6. Bb3 Be7 7. Re1 d6 8. c3
O-O 9. d4 Bg4 10. d5 Na5 11. Bc2 Qd7 12. h3 Bh5 13. Nbd2 Bg6 14. b3 c6 15. c4
Rac8 16. Nh4 cxd5 17. Nxg6 hxg6 18. cxd5 Qc7 19. b4 Qc3 20. Rb1 Qxc2 21. Qxc2
Rxc2 22. bxa5 Rxa2 23. Bb2 Rc8 24. Rec1 Rxc1+ 25. Bxc1 Rxa5 26. Rb3 Nd7 27. Rc3
Nc5 28. Ba3 Ra4 29. Bxc5 dxc5 30. Rd3 Bd6 31. f4 f6 32. fxe5 fxe5 33. Kf2 c4
34. Rg3 Ra2 35. Rxg6 Rxd2+ 36. Ke3 Rd3+ 37. Ke2 Bc5 38. Rc6 Bb4 39. Rxa6 Rd2+
40. Ke3 c3 41. Ra1 Bc5+ 42. Kf3 c2 43. Kg4 Rd1 44. Ra8+ Kh7 45. Kh5 c1=Q 46.
Ra6 Be7 47. Rg6 Qf4 48. g4 Rh1 49. Rxg7+ Kxg7 50. d6 Rxh3# 0-1

[Event "Lichtenberger Sommer 2024"]
[Site "Berlin"]
[Date "2024.08.14"]
[Round "5.53"]
[White "Pimenov, Danil"]
[Black "Oldenburg, Theo"]
[Result "1/2-1/2"]
[WhiteElo "1891"]
[BlackElo "1762"]
[PlyCount "66"]
[EventDate "2024.08.10"]
[WhiteTeam "SC Borussia Lichtenberg"]
[BlackTeam "SV Berolina Mitte e.V."]

1. e4 c5 2. Nf3 Nc6 3. d4 cxd4 4. Nxd4 Nf6 5. Nc3 e5 6. Ndb5 d6 7. Bg5 a6 8.
Na3 b5 9. Nd5 Be7 10. Bxf6 Bxf6 11. c4 b4 12. Nc2 O-O 13. g3 a5 14. h4 Be6 15.
Bh3 g6 16. h5 Bg5 17. Kf1 Ne7 18. Nce3 Nc6 19. Kg2 Nd4 20. b3 Bxe3 21. fxe3 Nc6
22. hxg6 hxg6 23. Bxe6 fxe6 24. Qg4 Qe8 25. Nc7 Qf7 26. Nxa8 Qf2+ 27. Kh3 Kg7
28. Qd1 Rxa8 29. Qf1 Qc2 30. Qf3 Rf8 31. Rhc1 Qd2 32. Rd1 Qc2 33. Rdc1 Qd2
1/2-1/2

[Event "Lichtenberger Sommer 2024"]
[Site "Berlin"]
[Date "2024.08.14"]
[Round "5.54"]
[White "Eroglu, Ilgin Deniz"]
[Black "Gehrke, Karsten"]
[Result "1/2-1/2"]
[WhiteElo "1472"]
[BlackElo "1890"]
[PlyCount "65"]
[EventDate "2024.08.10"]
[WhiteTeam "Sampiyon Mersin"]
[BlackTeam "SV Mattnetz Berlin e.V."]

1. e4 c5 2. Nf3 Nc6 3. Bb5 g6 4. O-O Bg7 5. c3 Nf6 6. Re1 O-O 7. d4 cxd4 8.
cxd4 a6 9. Ba4 b5 10. Bb3 d6 11. Nc3 Bg4 12. Bg5 Bxf3 13. gxf3 h6 14. Bh4 Na5
15. Qd2 g5 16. Bg3 Nxb3 17. axb3 Nh5 18. Ne2 e5 19. dxe5 Bxe5 20. Bxe5 dxe5 21.
Red1 Qc8 22. Kg2 Rd8 23. Qxd8+ Qxd8 24. Rxd8+ Rxd8 25. Rxa6 Rd2 26. Nc3 Rxb2
27. Nxb5 Rxb3 28. Nc7 g4 29. Rxh6 Nf4+ 30. Kg3 Rxf3+ 31. Kxg4 Rxf2 32. Nd5 Kg7
33. Rd6 1/2-1/2

[Event "Lichtenberger Sommer 2024"]
[Site "Berlin"]
[Date "2024.08.14"]
[Round "5.55"]
[White "Besbudak, Özgür"]
[Black "Arikan, Yanki"]
[Result "1-0"]
[WhiteElo "1889"]
[BlackElo "1573"]
[PlyCount "107"]
[EventDate "2024.08.10"]
[WhiteTeam "SF Berlin 1903 e.V."]
[BlackTeam "vereinslos"]

1. e4 c5 2. c3 d5 3. exd5 Qxd5 4. d4 Nf6 5. Nf3 Bg4 6. Be2 e6 7. O-O Be7 8. Be3
cxd4 9. cxd4 Nc6 10. Nc3 Qd6 11. h3 Bh5 12. Qb3 O-O 13. Rfd1 Qb4 14. g4 Qxb3
15. axb3 Bg6 16. Ne5 Bc2 17. Nxc6 bxc6 18. Rdc1 Bxb3 19. Bf3 Rfc8 20. Ra6 Nd5
21. Nxd5 Bxd5 22. Bxd5 cxd5 23. Rxc8+ Rxc8 24. Rxa7 Kf8 25. Bd2 Rb8 26. Bc3 Bd6
27. Kf1 Bf4 28. Ke2 f6 29. Kd3 Bd6 30. f3 Bf4 31. h4 Bg3 32. h5 h6 33. Kc2 Bd6
34. Kb1 Bf4 35. Ka2 Bd6 36. b3 Rb5 37. Ra4 e5 38. Ra6 Ke7 39. Ra7+ Kf8 40. Ra8+
Kf7 41. Ra7+ Kf8 42. dxe5 fxe5 43. Kb2 d4 44. Bd2 Be7 45. Kc2 Rc5+ 46. Kd3 Bg5
47. Bb4 Be7 48. Bxc5 Bxc5 49. Rb7 Be7 50. Ke4 Bg5 51. b4 Be7 52. b5 Kf7 53. b6
Kf6 54. Rxe7 1-0

[Event "Lichtenberger Sommer 2024"]
[Site "Berlin"]
[Date "2024.08.14"]
[Round "5.56"]
[White "Cox, Johannes"]
[Black "Oppermann, Peter"]
[Result "0-1"]
[WhiteElo "1400"]
[BlackElo "1872"]
[PlyCount "102"]
[EventDate "2024.08.10"]
[WhiteTeam "vereinslos"]
[BlackTeam "SK Bad Harzburg"]

1. d4 Nf6 2. c4 g6 3. g3 Bg7 4. Bg2 d6 5. Nf3 O-O 6. Nc3 Nbd7 7. O-O c6 8. h3
Nb6 9. Qd3 d5 10. cxd5 cxd5 11. Ne5 Bf5 12. Qd1 Be6 13. b3 Nfd7 14. f4 f6 15.
Nd3 Bf7 16. Kh2 Rc8 17. Qd2 e5 18. e3 exd4 19. exd4 a6 20. Nb4 Nb8 21. Ba3 Re8
22. Rfe1 Qd7 23. Nd3 Bf8 24. Bxf8 Kxf8 25. Nc5 Qc6 26. Rac1 Kg8 27. a4 N6d7 28.
Nd3 Qd6 29. b4 Nc6 30. Ne2 Ne7 31. Nc5 Nxc5 32. Rxc5 b6 33. Rcc1 Rc4 34. Rxc4
dxc4 35. b5 axb5 36. axb5 Nd5 37. Nc3 Rxe1 38. Qxe1 Nxc3 39. Qxc3 Bd5 40. Bf3
Qd7 41. Bxd5+ Qxd5 42. f5 gxf5 43. Qe3 Qe4 44. Qh6 Qxd4 45. Qh5 Qe5 46. Qh4 c3
47. Qc4+ Kg7 48. h4 Qc5 49. Qd3 c2 50. Qd7+ Kh6 51. Qf7 Qd6 0-1

[Event "Lichtenberger Sommer 2024"]
[Site "Berlin"]
[Date "2024.08.14"]
[Round "5.57"]
[White "Kohlmeyer, Dagobert"]
[Black "Schulz-Vernholz, Daniel"]
[Result "1-0"]
[WhiteElo "1872"]
[BlackElo "1400"]
[PlyCount "111"]
[EventDate "2024.08.10"]
[WhiteTeam "SG Weißensee 49 e.V."]
[BlackTeam "vereinslos"]

1. e4 c6 2. d4 d5 3. Nc3 dxe4 4. Nxe4 Nf6 5. Nxf6+ exf6 6. c3 Bd6 7. Nf3 O-O 8.
Be2 Re8 9. O-O Nd7 10. a4 Nb6 11. b4 Nd5 12. Bd2 Bg4 13. h3 Bh5 14. a5 a6 15.
Bc4 Bc7 16. Rc1 Qd6 17. g4 Bg6 18. Bxd5 cxd5 19. Be3 Be4 20. Re1 f5 21. gxf5
Bxf5 22. Ne5 Rxe5 23. dxe5 Qg6+ 24. Kh2 Qe6 25. Qf3 Bxe5+ 26. Bf4 Bxf4+ 27.
Qxf4 Qd7 28. Re3 Be6 29. Rg1 g6 30. Qe5 Rd8 31. Rd1 Qd6 32. Qxd6 Rxd6 33. Rd4
b5 34. Kg3 Kf8 35. Kf4 Ke7 36. Kg5 h5 37. Kh6 Kf6 38. Rf4+ Bf5 39. Re8 g5 40.
Rf3 g4 41. hxg4 hxg4 42. Rf4 Re6 43. Rxe6+ fxe6 44. Rd4 Ke5 45. Kg5 Kd6 46. Rd1
Ke5 47. Re1+ Kd6 48. Kf6 Be4 49. Kg5 Bf3 50. Kf4 Ke7 51. Ke5 Be4 52. Rg1 Bf5
53. Rh1 Kd7 54. Rh6 Ke7 55. Rh8 Kd7 56. Ra8 1-0

[Event "Lichtenberger Sommer 2024"]
[Site "Berlin"]
[Date "2024.08.14"]
[Round "5.58"]
[White "Buehring, Stefan"]
[Black "Bornschein, Burkhard"]
[Result "0-1"]
[WhiteElo "1780"]
[BlackElo "1996"]
[PlyCount "116"]
[EventDate "2024.08.10"]
[WhiteTeam "vereinslos"]
[BlackTeam "BSC Rehberge 1945 e.V."]

1. d4 d5 2. Nf3 Nf6 3. c3 e6 4. Bf4 Be7 5. e3 O-O 6. Ne5 c5 7. Nd2 Nbd7 8. Bd3
Nxe5 9. dxe5 Ne8 10. Qh5 f5 11. Nf3 g6 12. Qh6 Rf7 13. Bg5 Rg7 14. Bxe7 Qxe7
15. Ng5 Qf8 16. h4 Re7 17. Qxf8+ Kxf8 18. f4 h6 19. Nf3 Ng7 20. Kf2 Bd7 21.
Rag1 h5 22. Rd1 Bc6 23. Rd2 Rd7 24. Bc2 Rad8 25. Rhd1 Ke7 26. Ng5 a5 27. Nf3 b5
28. b3 Ne8 29. Rb1 Nc7 30. Bd1 b4 31. c4 dxc4 32. Rxd7+ Rxd7 33. bxc4 a4 34.
Ke1 Rd3 35. Ke2 Rc3 36. Nd2 Na8 37. Rb2 Nb6 38. Rc2 Rxc2 39. Bxc2 Bxg2 40. Kd1
Bc6 41. Kc1 g5 42. fxg5 Nd7 43. Bd1 Nxe5 44. Bxh5 Nd3+ 45. Kd1 a3 46. Kc2 Ne1+
47. Kc1 Ng2 48. Bf3 Bxf3 49. Nxf3 Nxe3 50. Ne5 f4 51. Ng6+ Kf7 52. Nxf4 Nxc4
53. g6+ Kf6 54. h5 b3 55. axb3 a2 56. bxc4 a1=Q+ 57. Kc2 Qd4 58. g7 Qxc4+ 0-1

[Event "Lichtenberger Sommer 2024"]
[Site "Berlin"]
[Date "2024.08.14"]
[Round "5.59"]
[White "Drave, Samuel"]
[Black "Baranowsky, Peter"]
[Result "1-0"]
[WhiteElo "1757"]
[BlackElo "1933"]
[PlyCount "101"]
[EventDate "2024.08.10"]
[WhiteTeam "SV Berolina Mitte e.V."]
[BlackTeam "SF Berlin 1903 e.V."]

1. d4 d5 2. c4 e6 3. Nc3 c6 4. e3 Nf6 5. Nf3 Nbd7 6. Be2 dxc4 7. a4 Bb4 8. O-O
O-O 9. Bxc4 Qc7 10. Bd3 e5 11. dxe5 Nxe5 12. Nxe5 Qxe5 13. f4 Qd6 14. Na2 Bg4
15. Qc2 a5 16. h3 Rad8 17. Nxb4 axb4 18. Bxh7+ Kh8 19. hxg4 Nxh7 20. g5 Qd3 21.
Qf2 Rfe8 22. Qh4 Rd5 23. Rf3 Kg8 24. Rh3 Qe4 25. Kh2 Rd1 26. Qh5 Red8 27. b3
R8d6 28. Qh4 R6d3 29. Qg4 Qg6 30. Qc8+ Rd8 31. Qxb7 Qe4 32. Rg3 Nf8 33. Qa6
R8d3 34. Bb2 Rxa1 35. Bxa1 Rxe3 36. Rxe3 Qxe3 37. Qc4 Ne6 38. Be5 c5 39. a5 Qf2
40. Kh3 Qe3+ 41. Kg4 Nxg5 42. fxg5 Qxe5 43. a6 g6 44. a7 Qf5+ 45. Kh4 Qf2+ 46.
Kh3 Qe3+ 47. Kg4 Qe8 48. Qd5 Qe2+ 49. Qf3 Qe6+ 50. Kh4 Qe1+ 51. g3 1-0

[Event "Lichtenberger Sommer 2024"]
[Site "Berlin"]
[Date "2024.08.14"]
[Round "5.60"]
[White "Fiedler, Ronald"]
[Black "Manthe, Joern Horst"]
[Result "1-0"]
[WhiteElo "1736"]
[BlackElo "1437"]
[PlyCount "25"]
[EventDate "2024.08.10"]
[WhiteTeam "SVG Läufer Reinickendorf e.V."]
[BlackTeam "vereinslos"]

1. d4 Nf6 2. c4 d5 3. Nc3 Nc6 4. e3 h5 5. Be2 g6 6. cxd5 Nb8 7. e4 Nh7 8. h3 c6
9. Nf3 Nd7 10. Bf4 g5 11. Nxg5 Nxg5 12. Bxg5 f6 13. Bxh5+ 1-0

[Event "Lichtenberger Sommer 2024"]
[Site "Berlin"]
[Date "2024.08.14"]
[Round "5.61"]
[White "Meister, Alexander"]
[Black "Ollek, Karl-Heinz"]
[Result "1-0"]
[WhiteElo "1925"]
[BlackElo "1763"]
[PlyCount "77"]
[EventDate "2024.08.10"]
[WhiteTeam "vereinslos"]
[BlackTeam "SC Friesen Lichtenberg e.V."]

1. d4 d5 2. Nf3 Nf6 3. g3 e6 4. Bg2 b6 5. O-O Bb7 6. b3 Be7 7. c4 c6 8. Nc3 O-O
9. Bb2 Nbd7 10. Rc1 dxc4 11. bxc4 c5 12. d5 exd5 13. cxd5 Bd6 14. Re1 Ne5 15.
Nb5 Nxf3+ 16. Bxf3 a6 17. Nxd6 Qxd6 18. e4 Qd7 19. Qd2 Rad8 20. Rcd1 Qh3 21.
Qg5 h6 22. Qf4 Bc8 23. Bxf6 gxf6 24. Qxf6 b5 25. e5 Qf5 26. Qxf5 Bxf5 27. Be4
Bc8 28. f4 f5 29. Bb1 h5 30. e6 Rf6 31. e7 Re8 32. d6 Bd7 33. Re5 c4 34. Rc5
Be6 35. d7 Bxd7 36. Rxd7 Kf7 37. Re5 b4 38. Bxf5 a5 39. Be4 1-0

[Event "Lichtenberger Sommer 2024"]
[Site "Berlin"]
[Date "2024.08.14"]
[Round "5.62"]
[White "Maxin, Falko"]
[Black "Grassi, Fabrizio"]
[Result "1-0"]
[WhiteElo "1755"]
[BlackElo "1907"]
[PlyCount "113"]
[EventDate "2024.08.10"]
[WhiteTeam "TSG Oberschöneweide e.V."]
[BlackTeam "SV Berlin-Friedrichstadt"]

1. d4 d5 2. Nc3 Nf6 3. Bf4 a6 4. e3 c5 5. dxc5 Nc6 6. Nf3 Bg4 7. Be2 e6 8. Na4
Bxc5 9. Nxc5 Qa5+ 10. c3 Qxc5 11. O-O O-O 12. h3 Bh5 13. Qc2 b5 14. Rfc1 Rfc8
15. Ne5 Bxe2 16. Qxe2 Nxe5 17. Bxe5 Nd7 18. Bd4 Qe7 19. e4 dxe4 20. Qxe4 Nf6
21. Qe2 Rd8 22. a4 Qd7 23. axb5 Qxb5 24. Qxb5 axb5 25. Rxa8 Rxa8 26. Bxf6 gxf6
27. Kf1 Kf8 28. Ke2 Ke7 29. c4 Ra2 30. Rc2 bxc4 31. Kd2 Kd6 32. Kc3 Ra4 33.
Rd2+ Kc6 34. Rd4 Ra1 35. Rxc4+ Kb6 36. Rg4 Rf1 37. f3 Rf2 38. b4 f5 39. Rg7 f6
40. Re7 Re2 41. Kd3 Rxg2 42. Rxe6+ Kb5 43. Rxf6 Rg3 44. Rxf5+ Kxb4 45. h4 Rg7
46. Ke4 Kc4 47. h5 Re7+ 48. Re5 Rf7 49. f4 Rg7 50. Kf5 Rf7+ 51. Kg5 h6+ 52.
Kxh6 Rxf4 53. Kg6 Kd4 54. Rg5 Ke4 55. h6 Rh4 56. h7 Kf4 57. Rh5 1-0

[Event "Lichtenberger Sommer 2024"]
[Site "Berlin"]
[Date "2024.08.14"]
[Round "5.63"]
[White "Varazi, Maxime"]
[Black "Bandsom, Olaf"]
[Result "1-0"]
[WhiteElo "1689"]
[BlackElo "1876"]
[PlyCount "23"]
[EventDate "2024.08.10"]
[WhiteTeam "SV Empor Berlin e.V."]
[BlackTeam "SC Friesen Lichtenberg e.V."]

1. e4 e5 2. Nf3 Nc6 3. d4 exd4 4. Bc4 d6 5. Nxd4 Nf6 6. Nc3 Be7 7. O-O O-O 8.
Bf4 Ne5 9. Bb3 b6 10. Bxe5 dxe5 11. Nc6 Qxd1 12. Nxe7+ 1-0

[Event "Lichtenberger Sommer 2024"]
[Site "Berlin"]
[Date "2024.08.14"]
[Round "5.64"]
[White "Thümler, Floris"]
[Black "Langer, Niklas"]
[Result "1/2-1/2"]
[WhiteElo "1874"]
[BlackElo "1753"]
[PlyCount "42"]
[EventDate "2024.08.10"]
[WhiteTeam "SV Königsjäger Süd-West e.V."]
[BlackTeam "SC Eintracht Berlin e.V."]

1. e4 Nf6 2. e5 Nd5 3. d4 d6 4. c4 Nb6 5. exd6 exd6 6. Nf3 Bg4 7. Be2 Be7 8.
O-O Nc6 9. b3 O-O 10. Bb2 Bf6 11. Qd2 Re8 12. h3 Bh5 13. Na3 h6 14. Rfe1 d5 15.
Rad1 Nc8 16. c5 Bg6 17. Bd3 N8e7 18. Bxg6 Nxg6 19. Rxe8+ Qxe8 20. Re1 Qd7 21.
Qe3 Nf8 1/2-1/2

[Event "Lichtenberger Sommer 2024"]
[Site "Berlin"]
[Date "2024.08.14"]
[Round "5.65"]
[White "Pröschild, Matthias"]
[Black "Kellner, Rene"]
[Result "1/2-1/2"]
[WhiteElo "1867"]
[BlackElo "1734"]
[PlyCount "52"]
[EventDate "2024.08.10"]
[WhiteTeam "BSV 63 Chemie Weißensee"]
[BlackTeam "Potsdamer SV Mitte e.V."]

1. g3 d5 2. Bg2 c6 3. d3 Nf6 4. Nc3 Bf5 5. Nf3 Nbd7 6. O-O e5 7. Nh4 Be6 8. e4
Be7 9. Bg5 d4 10. Ne2 h6 11. Bd2 O-O 12. Nf5 Bxf5 13. exf5 Nc5 14. f4 e4 15.
dxe4 Ncxe4 16. Be1 d3 17. cxd3 Qb6+ 18. Kh1 Rad8 19. Qc2 Nd6 20. Bf2 Qa6 21.
Be4 Rfe8 22. Nc3 Ng4 23. Bg1 Bf6 24. h3 Bxc3 25. bxc3 Nxe4 26. dxe4 Nf6 1/2-1/2

[Event "Lichtenberger Sommer 2024"]
[Site "Berlin"]
[Date "2024.08.14"]
[Round "5.66"]
[White "Skowronski, Peter"]
[Black "Schmidt, Reinhard"]
[Result "1-0"]
[WhiteElo "1863"]
[BlackElo "1574"]
[PlyCount "100"]
[EventDate "2024.08.10"]
[WhiteTeam "vereinslos"]
[BlackTeam "SK Zehlendorf e.V."]

1. d4 d5 2. Nf3 Nf6 3. e3 Nc6 4. Bd3 Bg4 5. Nbd2 e6 6. c3 a6 7. Qb3 b5 8. a4
Na5 9. Qc2 c6 10. Ne5 Qc7 11. b3 Rb8 12. axb5 axb5 13. Rxa5 Qxa5 14. Nxc6 Qb6
15. Nxb8 Qxb8 16. Qa2 b4 17. c4 Bd6 18. h3 Bh5 19. Qa4+ Ke7 20. c5 Bc7 21. O-O
g5 22. Bb2 g4 23. h4 g3 24. f3 Bg6 25. Bb5 Ne8 26. Ra1 Ng7 27. Nf1 Nf5 28. Bc1
Nxh4 29. Qa7 Qd8 30. Qb7 Kf6 31. Ra7 Bb8 32. Ra8 Kg7 33. Bb2 Nxf3+ 34. gxf3 g2
35. Kxg2 Qg5+ 36. Kf2 Qh4+ 37. Ke2 Qh3 38. Rxb8 Qg2+ 39. Ke1 Qxb2 40. Rxh8 Kxh8
41. Qb8+ Kg7 42. Qe5+ Kg8 43. c6 Qc1+ 44. Ke2 Bf5 45. Qb8+ Kg7 46. c7 Bh3 47.
Nd2 Qg1 48. c8=Q Qg2+ 49. Kd1 Qg1+ 50. Nf1 Bxf1 1-0

[Event "Lichtenberger Sommer 2024"]
[Site "Berlin"]
[Date "2024.08.14"]
[Round "5.67"]
[White "Kapr, Klaus"]
[Black "Ali, Maha"]
[Result "0-1"]
[WhiteElo "1862"]
[BlackElo "1527"]
[PlyCount "96"]
[EventDate "2024.08.10"]
[WhiteTeam "SC Friesen Lichtenberg e.V."]
[BlackTeam "SC Kreuzberg e.V."]

1. e4 c6 2. d4 d5 3. exd5 cxd5 4. c4 Nf6 5. Nc3 Nc6 6. c5 e5 7. Bb5 exd4 8.
Qxd4 Bd7 9. Bxc6 Bxc6 10. Nf3 Be7 11. O-O O-O 12. Be3 Ne4 13. b4 Bf6 14. Ne5
Re8 15. f4 Nxc3 16. Qxc3 Bxe5 17. fxe5 Qe7 18. Bd4 Bb5 19. Rf2 Qh4 20. Rd1 Qg4
21. Qd2 Re6 22. Re1 Rae8 23. Rf3 Rg6 24. Rg3 Qf5 25. Rxg6 Qxg6 26. Rd1 Ba4 27.
Rc1 Qe4 28. h3 Re6 29. Rc3 Bb5 30. Re3 Qb1+ 31. Kh2 Qf5 32. Rf3 Qe4 33. Bc3 Be2
34. Qg5 Re8 35. e6 f6 36. Rxf6 d4 37. Rf4 Qxe6 38. Bxd4 g6 39. Qh6 Qe7 40. g3
Bd3 41. Rf3 Qd7 42. Qh4 Rd8 43. Be5 Rf8 44. Rxf8+ Kxf8 45. Qf6+ Qf7 46. Qd8+
Qe8 47. Bd6+ Kf7 48. Qf6+ Kxf6 0-1

[Event "Lichtenberger Sommer 2024"]
[Site "Berlin"]
[Date "2024.08.14"]
[Round "5.68"]
[White "Runge, David Pascal"]
[Black "Rennspieß, Jens"]
[Result "1-0"]
[WhiteElo "1448"]
[BlackElo "1839"]
[PlyCount "73"]
[EventDate "2024.08.10"]
[WhiteTeam "SG Lasker Steglitz"]
[BlackTeam "SV Berolina Mitte e.V."]

1. e4 c6 2. d4 d5 3. Nc3 dxe4 4. Nxe4 Bf5 5. Ng3 Bg6 6. h4 h6 7. h5 Bh7 8. Nf3
Nd7 9. Bd3 Bxd3 10. Qxd3 e6 11. Bd2 Ngf6 12. O-O-O Qc7 13. Ne4 O-O-O 14. Kb1
Nxe4 15. Qxe4 Nf6 16. Qe2 Bd6 17. Ne5 Rhf8 18. c4 Nd7 19. f4 c5 20. Bc3 cxd4
21. Bxd4 Nxe5 22. Bxe5 Bxe5 23. Qxe5 Qxe5 24. fxe5 Rxd1+ 25. Rxd1 Rd8 26. Rxd8+
Kxd8 27. Kc2 f5 28. Kd3 Kd7 29. b4 Kc6 30. a4 a6 31. a5 Kc7 32. b5 Kd7 33. Kd4
axb5 34. cxb5 Kc7 35. Kc5 b6+ 36. axb6+ Kb7 37. Kd6 1-0

[Event "Lichtenberger Sommer 2024"]
[Site "Berlin"]
[Date "2024.08.14"]
[Round "5.69"]
[White "Jozsa, Lev"]
[Black "Regel, Michael"]
[Result "0-1"]
[WhiteElo "1505"]
[BlackElo "1804"]
[PlyCount "139"]
[EventDate "2024.08.10"]
[WhiteTeam "SV Empor Berlin e.V."]
[BlackTeam "SC Friesen Lichtenberg e.V."]

1. e4 d6 2. d4 Nf6 3. Nc3 g6 4. Nf3 Bg7 5. Bd3 O-O 6. O-O Nc6 7. Be3 Ng4 8. Ne2
Nxe3 9. fxe3 e5 10. c3 Bh6 11. Qd2 f5 12. Rae1 fxe4 13. Bxe4 d5 14. Bb1 e4 15.
Ne5 Rxf1+ 16. Rxf1 Nxe5 17. dxe5 Bg7 18. Bxe4 c6 19. c4 Bg4 20. cxd5 Bxe2 21.
Qxe2 cxd5 22. Bf3 Bxe5 23. Rd1 Qb6 24. Bxd5+ Kh8 25. Bf3 Re8 26. Kh1 Bxb2 27.
e4 Be5 28. Rd7 Rd8 29. Rxd8+ Qxd8 30. g3 Qd4 31. Qd1 b5 32. Qxd4 Bxd4 33. Kg2
Kg7 34. Kf1 Kf6 35. Ke2 Ke5 36. h3 Bg1 37. Kf1 Bc5 38. Ke2 Kd4 39. Kd1 Ke3 40.
Be2 b4 41. e5 Kd4 42. e6 Ke5 43. Bc4 Kd4 44. Bb3 Ke3 45. Kc2 Kf3 46. Kd3 Kxg3
47. Kc4 Be7 48. Kd5 Kf4 49. Kc6 Ke5 50. Kb7 h5 51. Kxa7 Kf4 52. Bc2 g5 53. Bd1
g4 54. hxg4 hxg4 55. Bxg4 Kxg4 56. Kb6 Kf5 57. Kb5 Kxe6 58. Kc4 Ke5 59. Kb3 Kd4
60. Kc2 Ke3 61. Kb3 Kd3 62. Kb2 Kd2 63. Kb1 Kd3 64. Kb2 Kc4 65. Kb1 Kb5 66. Kb2
Ka4 67. Ka1 Bf6+ 68. Kb1 Ka3 69. Kc2 Kxa2 70. Kc1 0-1

[Event "Lichtenberger Sommer 2024"]
[Site "Berlin"]
[Date "2024.08.14"]
[Round "5.70"]
[White "Simcaks, Sergejs"]
[Black "Schacht, Thomas"]
[Result "1-0"]
[WhiteElo "1955"]
[BlackElo "1704"]
[PlyCount "69"]
[EventDate "2024.08.10"]
[WhiteTeam "SSC Graal-Müritz"]
[BlackTeam "BSV 63 Chemie Weißensee"]

1. e4 c5 2. Nf3 e6 3. d4 cxd4 4. Nxd4 a6 5. Bc4 Qc7 6. Bb3 b5 7. O-O Bb7 8. Re1
Bc5 9. Nc3 Ne7 10. Be3 O-O 11. Qg4 b4 12. Nce2 Bd6 13. Ng3 Bxg3 14. hxg3 Qe5
15. f3 Nbc6 16. Rad1 Na5 17. Bg5 Ng6 18. Ba4 d6 19. Kh2 Qc5 20. Be3 Qe5 21. Bf2
Qc5 22. Re2 Qc7 23. f4 Bc8 24. Nf3 e5 25. f5 Ne7 26. Red2 Nc4 27. Bb3 Nxd2 28.
Rxd2 Bb7 29. Be3 Kh8 30. Ng5 Ng8 31. Nxh7 Nh6 32. Bxh6 Rg8 33. Qh4 gxh6 34.
Qxh6 Rg7 35. Nf6+ 1-0

[Event "Lichtenberger Sommer 2024"]
[Site "Berlin"]
[Date "2024.08.14"]
[Round "5.71"]
[White "Hauer, Benno"]
[Black "Lieder, Guenter"]
[Result "0-1"]
[WhiteElo "1733"]
[BlackElo "1878"]
[PlyCount "91"]
[EventDate "2024.08.10"]
[WhiteTeam "SVG Saarbrücken 1970 e.V."]
[BlackTeam "SG WiHeil"]

1. e4 c5 2. d4 cxd4 3. c3 d3 4. Bxd3 Nc6 5. Nf3 d6 6. Be3 g6 7. Nbd2 Bg7 8. O-O
Nf6 9. Re1 O-O 10. h3 Bd7 11. Nf1 Qc7 12. Qd2 Ne5 13. Nxe5 dxe5 14. Bh6 Rad8
15. Bxg7 Kxg7 16. Qe3 b6 17. Rad1 Be6 18. a3 Nh5 19. Bc2 Nf4 20. Nd2 Rd7 21.
Bb3 Rxd2 22. Rxd2 Bxb3 23. Kh2 Rd8 24. g3 Rxd2 25. Qxd2 Ne6 26. Re3 Bc4 27. Qd1
Nc5 28. b4 Ne6 29. Qa4 b5 30. Qd1 Qc6 31. h4 h5 32. f3 Qb6 33. Re1 Qf2+ 34. Kh3
Nf8 35. Rh1 Be6+ 36. g4 hxg4+ 37. fxg4 Qe3+ 38. Kh2 Qf4+ 39. Kh3 f5 40. gxf5
Bxf5+ 41. Kg2 Bxe4+ 42. Kh3 Ne6 43. Qd7 Bf5+ 44. Kg2 Kf7 45. Qxa7 Qd2+ 46. Qf2
0-1

[Event "Lichtenberger Sommer 2024"]
[Site "Berlin"]
[Date "2024.08.14"]
[Round "5.72"]
[White "Giehl, Juergen"]
[Black "Fiß, Wolfgang"]
[Result "0-1"]
[WhiteElo "1728"]
[BlackElo "1876"]
[PlyCount "86"]
[EventDate "2024.08.10"]
[WhiteTeam "SV Multatuli Ingelheim e.V."]
[BlackTeam "SC Oranienburg e.V."]

1. d4 d5 2. c4 Nf6 3. Nc3 c6 4. cxd5 Nxd5 5. Nf3 e6 6. e3 Be7 7. Bd3 Nd7 8. O-O
O-O 9. a3 f5 10. Qc2 N7f6 11. b4 Nxc3 12. Qxc3 Bd6 13. Bb2 Bd7 14. Rad1 Nd5 15.
Qd2 Qe7 16. Qe2 a5 17. b5 Nc7 18. bxc6 Bxc6 19. Ne5 Bd5 20. Bc4 f4 21. Bxd5
exd5 22. exf4 Rxf4 23. Rd3 Raf8 24. f3 R4f5 25. Re3 Bxe5 26. dxe5 Ne6 27. Rd1
Qc5 28. Rc1 Qb6 29. Rd1 Nf4 30. Qf2 Rg5 31. Bd4 Nh3+ 32. Kf1 Nxf2 33. Bxb6 Nxd1
34. Rd3 Nb2 35. Rxd5 Nc4 36. Bc5 Rxe5 37. Rxe5 Nxe5 38. Bxf8 Kxf8 39. Ke2 Nc4
40. Kd3 Nxa3 41. Kc3 b5 42. Kb3 b4 43. g4 g5 0-1

[Event "Lichtenberger Sommer 2024"]
[Site "Berlin"]
[Date "2024.08.14"]
[Round "5.73"]
[White "Abobreik, Salem"]
[Black "Schneider, Eckehard"]
[Result "0-1"]
[WhiteElo "1725"]
[BlackElo "1863"]
[PlyCount "58"]
[EventDate "2024.08.10"]
[WhiteTeam "Spandauer SV e.V."]
[BlackTeam "SF Berlin 1903 e.V."]

1. d4 Nf6 2. c4 g6 3. Nc3 Bg7 4. e4 d6 5. Nf3 O-O 6. h3 e5 7. d5 Nh5 8. Be3 a5
9. Qd2 Na6 10. Bh6 Nc5 11. Bxg7 Kxg7 12. Be2 Nf4 13. Rg1 Bd7 14. O-O-O a4 15.
g3 Nxe2+ 16. Qxe2 f5 17. exf5 Bxf5 18. g4 Bd7 19. h4 Rf4 20. Nh2 Qxh4 21. f3
Qg5 22. Kb1 Rb8 23. Ne4 Nxe4 24. fxe4 Rbf8 25. Qe3 Qh4 26. Rg2 Bxg4 27. Nxg4
Rxg4 28. Rdg1 Rxe4 29. Qa7 Re1+ 0-1